[Event "GBR-ch84 Major Open"]
[Site "Hove"]
[Date "1997.08.06"]
[Round "3"]
[White "Taylor, Peter P"]
[Black "Donovan, Nigel P"]
[Result "0-1"]
[WhiteElo "2210"]
[BlackElo "2125"]
[PlyCount "80"]
[EventDate "1997.08.04"]
[EventType "swiss"]
[EventRounds "11"]
[EventCountry "GBR"]
[SourceTitle "BritBase"]
[Source "John Saunders"]
[SourceDate "2024.07.22"]
[SourceVersion "1"]
[SourceVersionDate "2024.07.22"]
[SourceQuality "1"]

1. e4 c5 2. Nf3 d6 3. d4 cxd4 4. Nxd4 Nf6 5. Nc3 e6 6. g4 h6 7. h4 a6 8. Rg1
Qa5 9. Nb3 Qc7 10. g5 hxg5 11. hxg5 Nfd7 12. Bf4 Nc6 13. Qd2 Nce5 14. Be2 b5
15. Bg3 Bb7 16. f4 Nc4 17. Bxc4 Qxc4 18. Na5 Qc7 19. Nxb7 Qxb7 20. O-O-O Nc5
21. e5 b4 22. Ne2 Ne4 23. Qd4 d5 24. Rh1 Rxh1 25. Rxh1 Bc5 26. Qd3 O-O-O 27.
Be1 g6 28. Rh7 Rd7 29. Rh8+ Kc7 30. c3 a5 31. cxb4 axb4 32. Nd4 Qb6 33. Nc2 Be7
34. Ra8 Nc5 35. Qd4 Kb7 36. Bxb4 Kxa8 37. Bxc5 Bxc5 38. Qa4+ Qa7 39. Qc6+ Kb8
40. Qb5+ Kc8 0-1

[Event "GBR-ch84 Major Open"]
[Site "Hove"]
[Date "1997.08.06"]
[Round "3"]
[White "Marsh, Roger DW"]
[Black "Tebb, David J"]
[Result "1/2-1/2"]
[WhiteElo "2008"]
[BlackElo "2280"]
[PlyCount "75"]
[EventDate "1997.08.04"]
[EventType "swiss"]
[EventRounds "11"]
[EventCountry "GBR"]
[SourceTitle "BritBase"]
[Source "John Saunders"]
[SourceDate "2024.07.22"]
[SourceVersion "1"]
[SourceVersionDate "2024.07.22"]
[SourceQuality "1"]

1. d4 Nf6 2. c4 g6 3. Nc3 Bg7 4. e4 d6 5. Be2 O-O 6. Bg5 Na6 7. h3 c6 8. Nf3 e5
9. dxe5 dxe5 10. O-O Qxd1 11. Raxd1 Nc5 12. Nxe5 Nfxe4 13. Nxe4 Nxe4 14. Bf4
Re8 15. Ng4 Bxb2 16. Bf3 f5 17. Rfe1 fxg4 18. Bxe4 Be6 19. Rb1 Bc3 20. Rec1 Bd4
21. hxg4 Bxg4 22. Bd3 b6 23. Kf1 Rad8 24. f3 Bf5 25. Bxf5 gxf5 26. a4 Rd7 27.
Re1 Rde7 28. Rxe7 Rxe7 29. Bd2 Kf7 30. a5 Re5 31. axb6 Bxb6 32. Bb4 Re6 33. Rd1
Ke8 34. Bd6 Rh6 35. Ke2 Re6+ 36. Kf1 Bd8 37. Bc5 Bb6 38. Bd6 1/2-1/2

[Event "GBR-ch84 Major Open"]
[Site "Hove"]
[Date "1997.08.06"]
[Round "3"]
[White "Devereaux, Maxim L"]
[Black "O'Brien, Thomas V"]
[Result "1-0"]
[WhiteElo "2152"]
[BlackElo "1840"]
[PlyCount "73"]
[EventDate "1997.08.04"]
[EventType "swiss"]
[EventRounds "11"]
[EventCountry "GBR"]
[SourceTitle "BritBase"]
[Source "John Saunders"]
[SourceDate "2024.07.22"]
[SourceVersion "1"]
[SourceVersionDate "2024.07.22"]
[SourceQuality "1"]

1. e4 e5 2. Nf3 Nc6 3. Bb5 a6 4. Bxc6 dxc6 5. O-O f6 6. d4 exd4 7. Nxd4 c5 8.
Nb3 Qxd1 9. Rxd1 Bg4 10. f3 Bd7 11. Be3 b6 12. Nc3 O-O-O 13. Nd5 Ne7 14. Bf4 c4
15. Nxe7+ Bxe7 16. Nd4 b5 17. a3 c5 18. Ne2 Be6 19. Kf1 Kb7 20. Ke1 Kc6 21. h3
Rxd1+ 22. Rxd1 Rd8 23. Rxd8 Bxd8 24. Kd2 a5 25. Bb8 Bc7 26. Bxc7 Kxc7 27. f4
Kd6 28. g4 h5 29. f5 Bf7 30. Ke3 Ke5 31. c3 hxg4 32. hxg4 g5 33. Ng1 Bg8 34.
Nf3+ Kd6 35. e5+ fxe5 36. Nxg5 Ke7 37. Ke4 1-0

[Event "GBR-ch84 Major Open"]
[Site "Hove"]
[Date "1997.08.06"]
[Round "3"]
[White "Osborne, Marcus E"]
[Black "Williams, Leighton"]
[Result "1-0"]
[WhiteElo "2135"]
[BlackElo "2265"]
[PlyCount "73"]
[EventDate "1997.08.04"]
[EventType "swiss"]
[EventRounds "11"]
[EventCountry "GBR"]
[SourceTitle "BritBase"]
[Source "John Saunders"]
[SourceDate "2024.07.22"]
[SourceVersion "1"]
[SourceVersionDate "2024.07.22"]
[SourceQuality "1"]

1. e4 c5 2. Nf3 Nc6 3. Bb5 g6 4. O-O Bg7 5. c3 e5 6. d4 cxd4 7. cxd4 Nxd4 8.
Nxd4 exd4 9. e5 Nh6 10. Bxh6 Bxh6 11. Qxd4 O-O 12. Nc3 f6 13. Bc4+ Kh8 14. exf6
Qxf6 15. Qxf6+ Rxf6 16. Rfe1 Rf8 17. Rad1 Rb8 18. Nb5 a6 19. Nd6 b5 20. Bb3 a5
21. h4 a4 22. Bc2 Bg7 23. b3 a3 24. h5 gxh5 25. Re7 Kg8 26. b4 Rb6 27. Bb3+ Kh8
28. Nxc8 Rxc8 29. Rdxd7 Rg6 30. f4 Rf8 31. f5 Rg3 32. f6 Rxf6 33. Rxg7 Rxb3 34.
Rxh7+ Kg8 35. Rdg7+ Kf8 36. axb3 Ra6 37. Ra7 1-0

[Event "GBR-ch84 Major Open"]
[Site "Hove"]
[Date "1997.08.06"]
[Round "3"]
[White "Pflug, Matthias"]
[Black "Tan, Desmond TN"]
[Result "1-0"]
[WhiteElo "2175"]
[BlackElo "2104"]
[PlyCount "71"]
[EventDate "1997.08.04"]
[EventType "swiss"]
[EventRounds "11"]
[EventCountry "GBR"]
[SourceTitle "BritBase"]
[Source "John Saunders"]
[SourceDate "2024.07.22"]
[SourceVersion "1"]
[SourceVersionDate "2024.07.22"]
[SourceQuality "1"]

1. e4 c5 2. Nf3 d6 3. d4 cxd4 4. Nxd4 Nf6 5. Nc3 g6 6. Be3 Bg7 7. f3 O-O 8. Qd2
Nc6 9. O-O-O d5 10. Kb1 Rb8 11. Be2 e5 12. Nxc6 bxc6 13. exd5 cxd5 14. Nxd5
Nxd5 15. Qxd5 Qc7 16. Qd6 Qb7 17. b3 a5 18. Bc4 Bf5 19. g4 Rfc8 20. gxf5 Rxc4
21. f6 Rc6 22. Qxe5 Bxf6 23. Qe4 Qc8 24. Bh6 Rb4 25. Rd8+ Qxd8 26. Qxc6 Rd4 27.
Rc1 Rd6 28. Qc4 g5 29. f4 Rd4 30. Qe2 Rd2 31. Qg4 Rxh2 32. Bxg5 Bxg5 33. Rg1
Qd2 34. Qxg5+ Kf8 35. Qc5+ Ke8 36. Qc7 1-0

[Event "GBR-ch84 Major Open"]
[Site "Hove"]
[Date "1997.08.06"]
[Round "3"]
[White "O'Brien, Paul W"]
[Black "Roberts, Mark"]
[Result "0-1"]
[WhiteElo "1640"]
[BlackElo "2010"]
[PlyCount "68"]
[EventDate "1997.08.04"]
[EventType "swiss"]
[EventRounds "11"]
[EventCountry "GBR"]
[SourceTitle "BritBase"]
[Source "John Saunders"]
[SourceDate "2024.07.22"]
[SourceVersion "1"]
[SourceVersionDate "2024.07.22"]
[SourceQuality "1"]

1. e4 c5 2. Nf3 d6 3. d4 cxd4 4. Nxd4 Nf6 5. Nc3 g6 6. f4 Nc6 7. Nxc6 bxc6 8.
e5 Bg4 9. Be2 Bxe2 10. Qxe2 dxe5 11. fxe5 Nd5 12. e6 f5 13. Qe5 Nf6 14. Bf4 Qb6
15. O-O-O Bg7 16. Na4 Qa6 17. Rd7 O-O 18. Rxe7 Qxa4 19. Rxg7+ Kxg7 20. Qc7+ Kh8
21. Bh6 Rg8 22. Qe5 Qh4 23. Be3 Kg7 24. Rd1 Rgf8 25. e7 Rf7 26. Bf4 Re8 27. g3
Qg4 28. Rd7 Qf3 29. Bg5 Qe4 30. Bxf6+ Rxf6 31. Qc3 Rxe7 32. Rxe7+ Qxe7 33. b4
Qe4 34. Kb2 Kf7 0-1

[Event "GBR-ch84 Major Open"]
[Site "Hove"]
[Date "1997.08.06"]
[Round "3"]
[White "Bates, Ruth A"]
[Black "Howell, Christopher I"]
[Result "1-0"]
[WhiteElo "1888"]
[BlackElo "2175"]
[PlyCount "65"]
[EventDate "1997.08.04"]
[EventType "swiss"]
[EventRounds "11"]
[EventCountry "GBR"]
[SourceTitle "BritBase"]
[Source "John Saunders"]
[SourceDate "2024.07.22"]
[SourceVersion "1"]
[SourceVersionDate "2024.07.22"]
[SourceQuality "1"]

1. d4 d6 2. Nf3 Nf6 3. Bg5 Nbd7 4. Nbd2 h6 5. Bh4 g6 6. e4 Bg7 7. Bc4 e5 8. c3
O-O 9. O-O c6 10. a4 Qb6 11. Bb3 exd4 12. cxd4 d5 13. e5 Ne4 14. a5 Qc7 15.
Nxe4 dxe4 16. Nd2 c5 17. Nxe4 cxd4 18. f4 g5 19. fxg5 Nxe5 20. gxh6 Ng4 21. Bg3
Be5 22. Rc1 Bxg3 23. Rxc7 Bxh2+ 24. Kh1 Bxc7 25. Qd2 Be5 26. Qg5+ Kh8 27. Rxf7
Rxf7 28. Qd8+ Kh7 29. Ng5+ Kg6 30. Bxf7+ Kxh6 31. Ne4 Bd7 32. Qxd7 Rh8 33. Qxg4
1-0

[Event "GBR-ch84 Major Open"]
[Site "Hove"]
[Date "1997.08.06"]
[Round "3"]
[White "Whitehead, Mark A"]
[Black "Alfred, Nathan SW"]
[Result "0-1"]
[WhiteElo "2030"]
[BlackElo "2165"]
[PlyCount "64"]
[EventDate "1997.08.04"]
[EventType "swiss"]
[EventRounds "11"]
[EventCountry "GBR"]
[SourceTitle "BritBase"]
[Source "John Saunders"]
[SourceDate "2024.07.22"]
[SourceVersion "1"]
[SourceVersionDate "2024.07.22"]
[SourceQuality "1"]

1. e4 c5 2. Nc3 Nc6 3. g3 g6 4. Bg2 Bg7 5. d3 d6 6. Be3 Nh6 7. h3 f5 8. Qd2 Nf7
9. Nge2 O-O 10. f4 Nd4 11. O-O Rb8 12. Nc1 b5 13. Nd1 Qc7 14. c3 Nc6 15. Ne2 b4
16. exf5 gxf5 17. Rc1 bxc3 18. bxc3 Na5 19. Nf2 Bb7 20. Bxb7 Rxb7 21. Rb1 Rfb8
22. Rxb7 Qxb7 23. Rc1 e5 24. Kh2 exf4 25. gxf4 Nh6 26. Nh1 Re8 27. Nhg3 Qf3 28.
Bg1 c4 29. d4 Re6 30. d5 Ng4+ 31. hxg4 Rh6+ 32. Nh5 fxg4 0-1

[Event "GBR-ch84 Major Open"]
[Site "Hove"]
[Date "1997.08.06"]
[Round "3"]
[White "Wise, David"]
[Black "Mitchem, Nicholas D"]
[Result "1-0"]
[WhiteElo "2195"]
[BlackElo "2055"]
[PlyCount "63"]
[EventDate "1997.08.04"]
[EventType "swiss"]
[EventRounds "11"]
[EventCountry "GBR"]
[SourceTitle "BritBase"]
[Source "John Saunders"]
[SourceDate "2024.07.22"]
[SourceVersion "1"]
[SourceVersionDate "2024.07.22"]
[SourceQuality "1"]

1. d4 Nf6 2. c4 c5 3. d5 e6 4. Nc3 exd5 5. cxd5 d6 6. e4 g6 7. Bd3 Bg7 8. Nge2
O-O 9. O-O Na6 10. h3 Nc7 11. Ng3 b6 12. a4 a6 13. Bg5 h6 14. Bd2 Rb8 15. f4 b5
16. axb5 axb5 17. Qf3 Nd7 18. e5 c4 19. Bc2 Nc5 20. f5 dxe5 21. f6 Qxf6 22.
Qxf6 Bxf6 23. Rxf6 Kg7 24. Rc6 N7a6 25. Be3 Na4 26. Bxa4 bxa4 27. Rxa4 Rxb2 28.
Rcxa6 Bxa6 29. Rxa6 Rfb8 30. Rc6 f5 31. Nge2 f4 32. Bc1 1-0

[Event "GBR-ch84 Major Open"]
[Site "Hove"]
[Date "1997.08.06"]
[Round "3"]
[White "Brookes, John G"]
[Black "Cole, Roland B"]
[Result "0-1"]
[WhiteElo "2008"]
[BlackElo "2245"]
[PlyCount "60"]
[EventDate "1997.08.04"]
[EventType "swiss"]
[EventRounds "11"]
[EventCountry "GBR"]
[SourceTitle "BritBase"]
[Source "John Saunders"]
[SourceDate "2024.07.22"]
[SourceVersion "1"]
[SourceVersionDate "2024.07.22"]
[SourceQuality "1"]

1. e4 c5 2. Nf3 d6 3. d4 cxd4 4. Nxd4 Nf6 5. Nc3 g6 6. f4 Nc6 7. Nxc6 bxc6 8.
e5 Nd7 9. exd6 exd6 10. Bc4 Nf6 11. O-O Be7 12. Kh1 O-O 13. Ne2 d5 14. Bd3 Bc5
15. f5 Ng4 16. Qe1 Qb6 17. Qh4 Nf2+ 18. Rxf2 Bxf2 19. Qh6 Bd4 20. Nxd4 Qxd4 21.
Bg5 Bxf5 22. Bxf5 gxf5 23. Bf6 Qg4 24. Rf1 Qg6 25. Qh4 Rfe8 26. Be7 f6 27. Qb4
Rab8 28. Qd6 Rb7 29. Bxf6 Rf7 30. Qxc6 Rxf6 0-1

[Event "GBR-ch84 Major Open"]
[Site "Hove"]
[Date "1997.08.06"]
[Round "3"]
[White "Lewis, Andrew P"]
[Black "Dyce, Andrew N"]
[Result "1-0"]
[WhiteElo "2296"]
[BlackElo "2150"]
[PlyCount "51"]
[EventDate "1997.08.04"]
[EventType "swiss"]
[EventRounds "11"]
[EventCountry "GBR"]
[SourceTitle "BritBase"]
[Source "John Saunders"]
[SourceDate "2024.07.22"]
[SourceVersion "1"]
[SourceVersionDate "2024.07.22"]
[SourceQuality "1"]

1. d4 Nf6 2. c4 e6 3. Nc3 Bb4 4. Qc2 O-O 5. a3 Bxc3+ 6. Qxc3 b6 7. Bg5 c5 8.
dxc5 bxc5 9. e3 Nc6 10. Bd3 Rb8 11. Nf3 Qa5 12. Qxa5 Nxa5 13. b4 cxb4 14. Bf4
Nb3 15. Bxb8 Nxa1 16. Bd6 Re8 17. axb4 Bb7 18. Ke2 Nb3 19. Rb1 e5 20. Nxe5 Re6
21. c5 Bd5 22. Kd1 Ne8 23. Bb8 d6 24. Nc4 dxc5 25. Rxb3 Nd6 26. Bxd6 1-0

[Event "GBR-ch84 Major Open"]
[Site "Hove"]
[Date "1997.08.06"]
[Round "3"]
[White "Hodge, David J"]
[Black "Rizouk, Ryad"]
[Result "0-1"]
[WhiteElo "2140"]
[BlackElo "2375"]
[PlyCount "46"]
[EventDate "1997.08.04"]
[EventType "swiss"]
[EventRounds "11"]
[EventCountry "GBR"]
[SourceTitle "BritBase"]
[Source "John Saunders"]
[SourceDate "2024.07.22"]
[SourceVersion "1"]
[SourceVersionDate "2024.07.22"]
[SourceQuality "1"]

1. e4 e5 2. Nf3 Nc6 3. Bc4 Bc5 4. b4 Bxb4 5. c3 Be7 6. d4 Na5 7. Be2 d6 8. O-O
Nf6 9. Qa4+ c6 10. dxe5 dxe5 11. Nxe5 O-O 12. Rd1 Qc7 13. Bf4 b5 14. Qd4 Rd8
15. Qxd8+ Bxd8 16. Nxc6 Qxc6 17. Rxd8+ Ne8 18. c4 Bb7 19. Rxa8 Bxa8 20. Nc3 Qf6
21. Bd2 b4 22. Rb1 bxc3 23. Rb8 Bc6 0-1

[Event "GBR-ch84 Major Open"]
[Site "Hove"]
[Date "1997.08.07"]
[Round "4"]
[White "Williams, Leighton"]
[Black "Chamberlain, Thomas"]
[Result "0-1"]
[WhiteElo "2265"]
[BlackElo "2075"]
[PlyCount "94"]
[EventDate "1997.08.04"]
[EventType "swiss"]
[EventRounds "11"]
[EventCountry "GBR"]
[SourceTitle "BritBase"]
[Source "John Saunders"]
[SourceDate "2024.07.22"]
[SourceVersion "1"]
[SourceVersionDate "2024.07.22"]
[SourceQuality "1"]

1. c4 f5 2. g3 Nf6 3. Bg2 g6 4. Nc3 Bg7 5. e3 d6 6. Nge2 O-O 7. O-O c6 8. f4 e5
9. d4 e4 10. d5 c5 11. a3 b6 12. Rb1 Ba6 13. Nb5 Bxb5 14. cxb5 a6 15. Nc3 Qd7
16. Qb3 axb5 17. Nxb5 Na6 18. Qc4 Rfc8 19. Rd1 Nc7 20. Bf1 Ra5 21. a4 Nxb5 22.
axb5 Rca8 23. Bd2 Ra4 24. Qc2 Qb7 25. Bc4 Nd7 26. Bb3 R4a7 27. Qc4 Nf6 28. h3
Qe7 29. Kf2 Kf7 30. Rg1 h5 31. Ke2 Qd7 32. Bc3 Ne8 33. Bd2 Nc7 34. g4 hxg4 35.
hxg4 Qxb5 36. Qxb5 Nxb5 37. gxf5 gxf5 38. Rg5 Bf6 39. Rh5 Rh8 40. Rxh8 Bxh8 41.
Bc4 Nc7 42. Bc3 Bf6 43. Kd2 b5 44. Be2 Bxc3+ 45. bxc3 Ra2+ 46. Ke1 Nxd5 47.
Bxb5 Nxe3 0-1

[Event "GBR-ch84 Major Open"]
[Site "Hove"]
[Date "1997.08.07"]
[Round "4"]
[White "Dyce, Andrew N"]
[Black "Okosieme, Iozeph"]
[Result "1-0"]
[WhiteElo "2150"]
[BlackElo "2040"]
[PlyCount "91"]
[EventDate "1997.08.04"]
[EventType "swiss"]
[EventRounds "11"]
[EventCountry "GBR"]
[SourceTitle "BritBase"]
[Source "John Saunders"]
[SourceDate "2024.07.22"]
[SourceVersion "1"]
[SourceVersionDate "2024.07.22"]
[SourceQuality "1"]

1. e4 c6 2. d3 d5 3. Nd2 dxe4 4. dxe4 Nf6 5. Bc4 Bg4 6. Ngf3 Nbd7 7. O-O e6 8.
Qe2 Qc7 9. a4 a6 10. c3 Bc5 11. h3 Bh5 12. g4 Bg6 13. e5 Nd5 14. Ne4 Be7 15.
Bd3 h5 16. Nd6+ Bxd6 17. exd6 Bxd3 18. Qxd3 Qxd6 19. c4 hxg4 20. Ng5 Ne5 21.
Qd4 c5 22. Qe4 Nf6 23. Qxb7 Rb8 24. Qh1 gxh3 25. Bf4 h2+ 26. Bxh2 Nfg4 27. Rad1
Qe7 28. f4 Rxh2 29. Qe4 Nd7 30. Nf3 Rh6 31. Rd2 Kf8 32. Rfd1 Ngf6 33. Qc6 Nb6
34. Ne5 Kg8 35. a5 Na8 36. Qg2 Rf8 37. Qg5 Nc7 38. Rg2 Rh7 39. Rd7 Qe8 40. Qxf6
Kh8 41. Nxf7+ Rxf7 42. Qxf7 Qxf7 43. Rxf7 g6 44. Rxh7+ Kxh7 45. Rd2 Kh6 46. Rd8
1-0

[Event "GBR-ch84 Major Open"]
[Site "Hove"]
[Date "1997.08.07"]
[Round "4"]
[White "Rutter, Nicholas J"]
[Black "Pflug, Matthias"]
[Result "1/2-1/2"]
[WhiteElo "2096"]
[BlackElo "2175"]
[PlyCount "80"]
[EventDate "1997.08.04"]
[EventType "swiss"]
[EventRounds "11"]
[EventCountry "GBR"]
[SourceTitle "BritBase"]
[Source "John Saunders"]
[SourceDate "2024.07.22"]
[SourceVersion "1"]
[SourceVersionDate "2024.07.22"]
[SourceQuality "1"]

1. e4 c5 2. Nf3 d6 3. d4 cxd4 4. Nxd4 Nf6 5. Nc3 a6 6. Bg5 e6 7. f4 Be7 8. Qf3
Qc7 9. O-O-O Nbd7 10. g4 b5 11. Bxf6 Nxf6 12. g5 Nd7 13. f5 Bxg5+ 14. Kb1 Ne5
15. Qh5 Qd8 16. Rg1 Bf6 17. fxe6 O-O 18. Bh3 Kh8 19. Nd5 g6 20. Qh6 fxe6 21.
Bxe6 Bg7 22. Qh3 Nf3 23. Nxf3 Bxe6 24. Qxe6 Rxf3 25. h4 Qf8 26. Qg4 Qf7 27. Rh1
Rf8 28. h5 gxh5 29. Rxh5 Be5 30. Rhh1 Rf1 31. Rhxf1 Qxf1 32. a4 Qc4 33. b3 Qc5
34. Rh1 Rg8 35. Rxh7+ Kxh7 36. Qh5+ Kg7 37. Qg5+ Kh7 38. Qh5+ Kg7 39. Qg5+ Kf7
40. Qf5+ Kg7 1/2-1/2

[Event "GBR-ch84 Major Open"]
[Site "Hove"]
[Date "1997.08.07"]
[Round "4"]
[White "Dodgson, John A"]
[Black "Wise, David"]
[Result "1-0"]
[WhiteElo "2032"]
[BlackElo "2195"]
[PlyCount "75"]
[EventDate "1997.08.04"]
[EventType "swiss"]
[EventRounds "11"]
[EventCountry "GBR"]
[SourceTitle "BritBase"]
[Source "John Saunders"]
[SourceDate "2024.07.22"]
[SourceVersion "1"]
[SourceVersionDate "2024.07.22"]
[SourceQuality "1"]

1. e4 c5 2. d3 Nc6 3. g3 g6 4. Bg2 Bg7 5. f4 d6 6. Nf3 e5 7. O-O Nge7 8. f5
gxf5 9. Nh4 fxe4 10. dxe4 O-O 11. Na3 Be6 12. Nf5 Bxf5 13. exf5 f6 14. Be3 Qd7
15. Bxc5 Rfd8 16. Bf2 d5 17. g4 Bh6 18. Qf3 Kh8 19. Bh4 Rf8 20. Rad1 Rad8 21.
Kh1 d4 22. c4 Nb4 23. Qb3 Nec6 24. Nb5 Qe7 25. a3 Na6 26. Qa2 Nc5 27. b4 a6 28.
bxc5 axb5 29. cxb5 Na7 30. Qe6 Rde8 31. a4 Qg7 32. Qd5 Qxg4 33. Bg3 Re7 34. Qd6
Nc8 35. Qd5 Be3 36. a5 Qe2 37. Qb3 Rg7 38. Bf3 1-0

[Event "GBR-ch84 Major Open"]
[Site "Hove"]
[Date "1997.08.07"]
[Round "4"]
[White "Tebb, David J"]
[Black "Kelly, Ian G"]
[Result "1-0"]
[WhiteElo "2280"]
[BlackElo "1928"]
[PlyCount "75"]
[EventDate "1997.08.04"]
[EventType "swiss"]
[EventRounds "11"]
[EventCountry "GBR"]
[SourceTitle "BritBase"]
[Source "John Saunders"]
[SourceDate "2024.07.22"]
[SourceVersion "1"]
[SourceVersionDate "2024.07.22"]
[SourceQuality "1"]

1. e4 d6 2. d4 Nf6 3. Nc3 g6 4. Be3 Bg7 5. Qd2 Na6 6. f3 c6 7. O-O-O b5 8. Bh6
Bxh6 9. Qxh6 Qa5 10. e5 b4 11. Qg7 Rf8 12. exf6 bxc3 13. fxe7 cxb2+ 14. Kb1
Kxe7 15. Bc4 Bf5 16. Nh3 Qc3 17. Bd3 Be6 18. Rhe1 Nc7 19. Nf4 Rg8 20. Qxh7 Qxd4
21. Nxe6 Nxe6 22. Rxe6+ Kxe6 23. Bf5+ Ke5 24. Rxd4 Kxd4 25. Bd3 Rab8 26. Qh4+
Kc3 27. Qe1+ Kd4 28. Qf2+ Kc3 29. Be4 Rge8 30. Qe3+ Kc4 31. Qd3+ Kc5 32. Qc3+
Kb6 33. Qxc6+ Ka5 34. Qc7+ Kb5 35. Bc6+ Kb4 36. Qxd6+ Kc3 37. Bxe8 Rxe8 38.
Qc6+ 1-0

[Event "GBR-ch84 Major Open"]
[Site "Hove"]
[Date "1997.08.07"]
[Round "4"]
[White "Calvert, David Ian"]
[Black "Beckett, Christopher J"]
[Result "0-1"]
[WhiteElo "1912"]
[BlackElo "2176"]
[PlyCount "64"]
[EventDate "1997.08.04"]
[EventType "swiss"]
[EventRounds "11"]
[EventCountry "GBR"]
[SourceTitle "BritBase"]
[Source "John Saunders"]
[SourceDate "2024.07.22"]
[SourceVersion "1"]
[SourceVersionDate "2024.07.22"]
[SourceQuality "1"]

1. b3 Nc6 2. Bb2 e5 3. e3 d6 4. d4 Bd7 5. Nf3 e4 6. Nfd2 f5 7. c4 Nf6 8. Nc3
Be7 9. Be2 O-O 10. O-O Qe8 11. a3 g5 12. b4 Qg6 13. b5 Nd8 14. f3 exf3 15. Bxf3
g4 16. Nd5 Nxd5 17. Bxd5+ Be6 18. Bxe6+ Nxe6 19. Qc2 Bg5 20. Rae1 Qh6 21. Qd3
Rae8 22. Nb3 f4 23. d5 g3 24. h3 f3 25. gxf3 Bxe3+ 26. Qxe3 Nf4 27. Qxe8 Nxh3+
28. Kg2 Nf4+ 29. Kxg3 Qg5+ 30. Kf2 Qh4+ 31. Ke3 Rxe8+ 32. Kd2 Rxe1 0-1

[Event "GBR-ch84 Major Open"]
[Site "Hove"]
[Date "1997.08.07"]
[Round "4"]
[White "Mills, Steve C"]
[Black "Bass, John W"]
[Result "1/2-1/2"]
[WhiteElo "1640"]
[BlackElo "1976"]
[PlyCount "63"]
[EventDate "1997.08.04"]
[EventType "swiss"]
[EventRounds "11"]
[EventCountry "GBR"]
[SourceTitle "BritBase"]
[Source "John Saunders"]
[SourceDate "2024.07.22"]
[SourceVersion "1"]
[SourceVersionDate "2024.07.22"]
[SourceQuality "1"]

1. d4 Nf6 2. Bg5 e6 3. c4 h6 4. Bh4 b6 5. Nc3 Bb7 6. e3 Be7 7. f3 d6 8. Bd3 Nh5
9. Bf2 Nd7 10. Qc2 c5 11. Nge2 O-O 12. Ng3 Nxg3 13. Bxg3 cxd4 14. exd4 Rc8 15.
Nb5 Nf6 16. Nxa7 Ra8 17. Nb5 Nh5 18. Qf2 Nxg3 19. hxg3 d5 20. c5 bxc5 21. dxc5
Qa5+ 22. Ke2 Qb4 23. Qd4 Qxd4 24. Nxd4 Bxc5 25. Nb5 e5 26. Rhc1 Rac8 27. Bf5
Ba6 28. Bxc8 Bxb5+ 29. Kd1 Rxc8 30. b4 Ba4+ 31. Ke2 Bb5+ 32. Kd1 1/2-1/2

[Event "GBR-ch84 Major Open"]
[Site "Hove"]
[Date "1997.08.07"]
[Round "4"]
[White "Stephenson, Frederick Norman"]
[Black "White, Stuart"]
[Result "1-0"]
[WhiteElo "2190"]
[BlackElo "1944"]
[PlyCount "61"]
[EventDate "1997.08.04"]
[EventType "swiss"]
[EventRounds "11"]
[EventCountry "GBR"]
[SourceTitle "BritBase"]
[Source "John Saunders"]
[SourceDate "2024.07.22"]
[SourceVersion "1"]
[SourceVersionDate "2024.07.22"]
[SourceQuality "1"]

1. d4 Nf6 2. c4 g6 3. Nc3 Bg7 4. e4 d6 5. Bd3 O-O 6. Nge2 e5 7. d5 Nh5 8. O-O
Na6 9. Bc2 f5 10. exf5 gxf5 11. Ng3 Nxg3 12. fxg3 Qe8 13. Be3 Bd7 14. Qe2 Kh8
15. a3 b6 16. Rae1 Rb8 17. Nb5 Rb7 18. h3 Nb8 19. Kh2 Qe7 20. Bc1 a6 21. Nd4 e4
22. Be3 c5 23. dxc6 Nxc6 24. Qd2 Ne5 25. b3 b5 26. cxb5 axb5 27. Bh6 Ra8 28.
Nxf5 Bxf5 29. Rxf5 Rxa3 30. Bxg7+ Qxg7 31. Qxd6 {Source: Norman Stephenson} 1-0

[Event "GBR-ch84 Major Open"]
[Site "Hove"]
[Date "1997.08.07"]
[Round "4"]
[White "Donovan, Nigel P"]
[Black "Lewis, Andrew P"]
[Result "1-0"]
[WhiteElo "2125"]
[BlackElo "2296"]
[PlyCount "57"]
[EventDate "1997.08.04"]
[EventType "swiss"]
[EventRounds "11"]
[EventCountry "GBR"]
[SourceTitle "BritBase"]
[Source "John Saunders"]
[SourceDate "2024.07.22"]
[SourceVersion "1"]
[SourceVersionDate "2024.07.22"]
[SourceQuality "1"]

1. e4 c5 2. Nf3 Nc6 3. Bb5 g6 4. O-O Bg7 5. Re1 Nf6 6. Nc3 O-O 7. e5 Ne8 8.
Bxc6 dxc6 9. d3 Nc7 10. h3 b6 11. Re4 f5 12. Rh4 Ne6 13. Ne2 Qc7 14. Nf4 Nxf4
15. Bxf4 e6 16. Bh6 Bxh6 17. Rxh6 Qg7 18. Qd2 c4 19. dxc4 c5 20. Rh4 Bd7 21.
Rd1 Bc6 22. Ng5 Qxe5 23. Re1 Qxb2 24. Qd6 Qf6 25. Qxe6+ Qxe6 26. Rxe6 Be8 27.
Nxh7 Bf7 28. Nf6+ Kg7 29. Rh7# 1-0

[Event "GBR-ch84 Major Open"]
[Site "Hove"]
[Date "1997.08.07"]
[Round "4"]
[White "Moskovic, David M"]
[Black "Bates, Ruth A"]
[Result "1-0"]
[WhiteElo "2180"]
[BlackElo "1888"]
[PlyCount "57"]
[EventDate "1997.08.04"]
[EventType "swiss"]
[EventRounds "11"]
[EventCountry "GBR"]
[SourceTitle "BritBase"]
[Source "John Saunders"]
[SourceDate "2024.07.22"]
[SourceVersion "1"]
[SourceVersionDate "2024.07.22"]
[SourceQuality "1"]

1. e4 g6 2. Nc3 Bg7 3. Bc4 d6 4. d4 Nf6 5. Qe2 e5 6. dxe5 dxe5 7. Nf3 Nbd7 8.
Be3 O-O 9. O-O-O Qe7 10. g4 Nc5 11. g5 Ncxe4 12. gxf6 Nxf6 13. Bg5 Bg4 14. Nd5
Qc5 15. Nxf6+ Bxf6 16. Bxf6 Bxf3 17. Qxf3 Qxc4 18. b3 Qc5 19. Qe3 Qxe3+ 20.
fxe3 Rfe8 21. Rd7 Re6 22. Rf1 Rc8 23. Bg5 f5 24. Rfd1 a6 25. Bh6 Kh8 26. Rd8+
Re8 27. Rxe8+ Rxe8 28. Rd7 Rc8 29. Bg5 1-0

[Event "GBR-ch84 Major Open"]
[Site "Hove"]
[Date "1997.08.07"]
[Round "4"]
[White "Leech, Aiden M"]
[Black "Mason, Donald J"]
[Result "0-1"]
[WhiteElo "2105"]
[BlackElo "2285"]
[PlyCount "54"]
[EventDate "1997.08.04"]
[EventType "swiss"]
[EventRounds "11"]
[EventCountry "GBR"]
[SourceTitle "BritBase"]
[Source "John Saunders"]
[SourceDate "2024.07.22"]
[SourceVersion "1"]
[SourceVersionDate "2024.07.22"]
[SourceQuality "1"]

1. e4 e6 2. d4 d5 3. e5 c5 4. c3 Qb6 5. Nf3 Nc6 6. a3 c4 7. Nbd2 f6 8. Be2 fxe5
9. Nxe5 Nxe5 10. dxe5 Bc5 11. O-O Ne7 12. b4 cxb3 13. Nxb3 O-O 14. Nxc5 Qxc5
15. Qd3 Qc7 16. f4 Bd7 17. Be3 Nf5 18. Rfc1 Bb5 19. Qxb5 Nxe3 20. g3 Rac8 21.
a4 g5 22. fxg5 Qf7 23. Rf1 Nxf1 24. Rxf1 Qc7 25. g6 Rxf1+ 26. Kxf1 hxg6 27. Kg2
Qxe5 0-1